| 000 | 02215nam a2200325 a 4500 | ||
|---|---|---|---|
| 003 | OSt | ||
| 005 | 20250821134742.0 | ||
| 008 | 250520b |||||||| |||| 00| 0 eng d | ||
| 020 | _a978-3-11-026263-6 | ||
| 040 |
_aCHAP _cPA _erda |
||
| 041 |
_aeng _beng _feng _heng |
||
| 082 |
_aPA 595.704 _b.B48 |
||
| 100 |
_aBeutel, Rolf G. _eautor _9190390 |
||
| 245 |
_aInsect morphology and phylogeny : _ba textbook for students of entomology / _cRolf G. Beutel, Frank Friedrich, Si-Qin Ge, Xing-Ke Yang |
||
| 264 |
_aBerlin : _bDe Gruyter, _c2014 |
||
| 300 |
_axv, 516 páginas _bilustraciones, tablas |
||
| 336 |
_2rdacontent _atexto _btxt |
||
| 337 |
_2rdamedia _asin medio _bn |
||
| 338 |
_2rdacarrier _avolumen _bnc |
||
| 490 | 1 | _aDe Gruyter graduate | |
| 505 | _aForeword -- Acknowledgements -- Contents -- 1. Morphology -- 2. Reproduction, development and immature stages -- 3. Glossary -- 4. Traditional and modern techniques in insect morphology -- 5. Phylogenetic reconstruction based on morphology -- 6. The orders of Hexapoda -- 7. Literature -- Taxonomic Index. | ||
| 520 | _aThis handbook provides an in-depth treatment of insect morphology. The first part presents an up-to-date overview of insect morphology with detailed drawings, brilliant scanning electron micrographs and 3-D reconstructions as interactive PDFs. This is complemented by a chapter on innovative morphological techniques (e.g., µ-computer tomography, 3-D modeling) and a comprehensive morphological glossary. The second part treats the state of the art in insect systematics and includes taxon-specific morphological information for all orders. Systematics are treated formally, with for example the arguments for relationships ("apomorphies") always listed explicitly. The work is a useful reference for students and researchers working in different fields of biology and a must for those dealing with insects from an evolutionary perspective. | ||
| 534 | _pTítulo original: | ||
| 650 | 0 |
_aInsectos _x Morfología _9170911 |
|
| 650 | 0 |
_aInsectos _xFilogenetica _9190395 |
|
| 700 |
_aFriedrich, Frank _eautor _9190392 |
||
| 700 |
_aGe, Si-Qin, _eautor _9190393 |
||
| 700 |
_aYang, Xing - Ke, _eautor _9190394 |
||
| 942 |
_2ddc _cLIBRO |
||
| 999 |
_c220532 _d220532 |
||